00776nam a2200229Ia 450000500170000000800410001702000220005804000190008004100120009908200160011124501090012726000450023630000130028150400500029465000150034465100260035970000240038585000100040994200070041999900170042695201030044320240212112317.0131103s9999 xx 000 0 und d a195687728cRs 650 aLoreto College aEnglish a352.14bSIN aDecentralizationb Institutions and Politics in rural India cEdited by Satyajit Singh, Pradeep K.Sharma aNew DelhibOxford University Pressc2007 aix,441p  aIncludes bibliographical references and index aPanchayats aLocal Self Government aSingh, Satyajit, ed aLCLIB cBK c31470d81949 00102ddc4070aMAINbMAINd2013-11-04l0o352.14 SIN 47099pB34355r2013-11-04w2013-11-04yBKf